Možnosti zvýšenia kapitálu prostredníctvom externých zdrojov bakalárska práca

Enregistré dans:
Détails bibliographiques
Auteur principal: Leffler, Matej
Collectivité auteur: Fakulta podnikového manažmentu EU. Katedra podnikových financií
Autres auteurs: Strižencová, Michaela
Format: Livre
Langue:slovaque
Publié: Bratislava 2012
Tags: Ajouter un tag
Pas de tags, Soyez le premier à ajouter un tag!

MARC

LEADER 00000nbm a2200000 4500
001 0153713
005 20161109111804.1
041 0 |a slo 
044 |a SK 
245 1 0 |a Možnosti zvýšenia kapitálu prostredníctvom externých zdrojov  |b bakalárska práca  |c Matej Leffler ; školiteľ: Michaela Strižencová 
264 1 |a Bratislava  |c 2012 
300 |a 49 s. 
100 1 |a Leffler, Matej 
700 1 |a Strižencová, Michaela 
710 2 |a Fakulta podnikového manažmentu EU. Katedra podnikových financií